40 държави - 4 - Statistics

General Stats
  • This quiz has been taken 150 times
  • The average score is 20 of 40
Answer Stats
Country % Correct
Етиопия
83%
Еритрея
80%
Лихтенщайн
79%
Узбекистан
77%
Туркменистан
77%
Хондурас
77%
Ирландия
77%
Таджикистан
76%
Люксембург
75%
Япония
69%
Египет
67%
Хаити
67%
Панама
66%
Киргизстан
65%
Хърватия
60%
Гърция
57%
Тайван
57%
Филипини
52%
Мали
51%
Румъния
48%
Италия
47%
Коста Рика
47%
Микронезия
46%
Камбоджа
41%
Германия
41%
Екваториална Гвинея
41%
Либерия
40%
Буркина Фасо
37%
Молдова
37%
Полша
37%
Палау
37%
Андора
35%
Кирибати
35%
Чехия
34%
Маршали
29%
Гвинея
28%
Либия
27%
Финландия
18%
Руанда
17%
Мозамбик
12%
No matching quizzes found
Score Distribution
Percent of People with Each Score
Percentile by Number Answered
Your Score History
You have not taken this quiz